| 000 | 00422nam a2200145Ia 4500 | ||
|---|---|---|---|
| 008 | 240126s9999 xx 000 0 und d | ||
| 041 | _aEnglish | ||
| 082 | _aLIBRARY-XVI | ||
| 245 | 0 | _aJournal of Mines, Metals and Fuels (2011 - | |
| 260 |
_bBooks & Journals Private LTD. _aKolkata |
||
| 440 | _aNULL | ||
| 650 | _aMechanical Engineering | ||
| 650 | _aMines,,Metals,Fuels,(2011,-,Mechanical Engineering | ||
| 942 | _cJN | ||
| 999 |
_c274125 _d274125 |
||